| 000 | 01900cam a2200409 a 4500 | ||
|---|---|---|---|
| 001 | 8513 | ||
| 003 | FISKH | ||
| 005 | 20250917085536.0 | ||
| 008 | 040901s2006 nyua b 000 0 eng | ||
| 010 | _a 2004020654 | ||
| 020 | _a9780689852114 | ||
| 020 | _a0689852118 | ||
| 020 | _a9781416967385 | ||
| 040 |
_aDLC _cDLC _dDLC _beng |
||
| 050 | 0 | 0 |
_aGT3000.5.B44 _bL38 2006 |
| 082 | 0 | 0 |
_a392.3/6 _222 |
| 100 | 1 | _aLauber, Patricia. | |
| 245 | 1 | 0 |
_aWhat you never knew about beds, bedrooms, & pajamas / _cby Patricia Lauber ; illustrated by John Manders. |
| 260 |
_aNew York : _bSimon & Schuster Books for Young Readers, _c2006. |
||
| 300 |
_a32 pages : _bcolor illustrations ; _c24 x 26 cm. |
||
| 336 |
_atext _btxt _2rdacontent |
||
| 337 |
_aunmediated _bn _2rdamedia |
||
| 338 |
_avolume _bnc _2rdacarrier |
||
| 490 | 1 | _aAround the house history | |
| 504 | _aIncludes bibliographical references. | ||
| 505 | _aR | ||
| 520 | _aYou make your bed in the morning. At times in the past, people really made their beds -- and at night they stuffed straw into a sack, making a bed to lie on. Nightclothes were first worn in the 1500s. Before that, people slept in their day clothes, their underwear, or nothing at all. In Ancient Rome, bedrooms were small. A servant guarded the doorway by sleeping across it. Learn these facts and more in this true but funny account as Newbery Honor Patricia Lauber and celebrated illustrator John Manders go under the covers to explore beds, bedrooms, and pajamas since the Stone Age. They'll show you how the world's been sleeping since the dawn of time. | ||
| 521 |
_a730
_bLexile estimate |
||
| 521 |
_aR
_bRaz-Plus |
||
| 650 | 0 | _aBedrooms. | |
| 650 | 0 | _aBeds. | |
| 650 | 0 | _aPajamas. | |
| 650 | 0 | _aSleeping customs. | |
| 700 | 1 |
_aManders, John, _eillustrator |
|
| 906 |
_a7 _bcbc _corignew _d1 _eecip _f20 _gy-gencatlg |
||
| 942 |
_2ddc _cBK _n0 |
||
| 999 |
_c8513 _d8513 |
||